Estatísticas para Natal

Clique aqui para jogar o quiz

Estatísticas Gerais

  • Esse quiz foi jogado 30 vezes
  • A pontuação média é 9 de 15

Estatísticas das Respostas

HintResposta% Correto
Em que estação do ano é o Natal?Inverno
93%
Como se chama o menino que está no presépio?Jesus
89%
Como se chama o pai desse menino?José
89%
Como se chama a mãe desse menino?Maria
89%
Onde nasceu esse menino?Belém
75%
Que animal se costuma comer recheado?Peru
75%
Em que dia se costuma abrir as prendas ?25
68%
Que missa se realiza á meia-noite do dia 24?Missa do Galo
54%
Quais os presentes que levam ao menino?Ouro , incenso e mirra
46%
Qual é a terra do Pai Natal?Lapónia
43%
Quais são os animais que estão no presépio?Vaca e burro
43%
Como se chama a rena mais conhecida do Pai Natal?Rodolfo
39%
O que se costuma fazer no dia 1 de Dezembro?Árvore de Natal
25%
Como se chamam os três reis magos?Gaspar, Baltazar e Melchior
18%
Em que país surgiu a tradição de enfeitar pinheiros no Natal?Dinamarca
7%

Distribuição das Pontuações

Percentil de Números Respondidos

Porcentagem de Pessoas com Cada Pontuação

Sua Pontuação Histórica

Você não jogou esse quiz